00658cam a2200193 4500001001100000008004100011020001800052035001500070050002100085245010600106260002700212300002100239440003300260500001700293650003200310650004500342700003400387700004300421BIIH003386 1992 spa  a968-496-190-1 aBIIH003386 4aHD8115bT73 1992 0aTrabajo y sociedad en la historia de México: Siglos XVI-XVIII /cGloria Artís Espriu ... [et al]. aMéxico :bSEP,c1992 a217 p. ;c21 cm. 0aMiguel Othón de Mendizabal a2 ejemplares 4aTrabajoxMéxicoxHistoria 4aArrierosxMorelosxHistoriaxSiglo XVIII1 aVon Mentz, Brígida,ecoaut.1 aMohar Betancourt, Luz María,ecoaut.